000 00948cam a22002534a 4500
001 14199877
005 20180103044501.0
008 051214s2007 maua b 001 0 eng
010 _a 2005938686
020 _a0618645705 (hbk. : student ed.)
020 _a0618731016 (hbk. : exam copy)
040 _aDLC
_cDLC
041 _aeng
080 _a339.138 AND
082 _a339.138 AND
100 1 _a60
101 _aMAR
245 1 0 _aPersonal selling :
_cRolph E. Anderson, Alan J. Dubinsky, Rajiv Mehta.
504 _aIncludes bibliographical references (p. 479-491) and indexes.
906 _a7
_bcbc
_corigres
_d3
_eepcn
_f20
_gy-gencatlg
942 _2ddc
_cBK
999 _c39626
_d39626